000 01508nam0a22003131 4500
001 rc\4585869
005 20260406184746.0
021 _aRU
_b[68-76935]
035 _a(NLR Aleph) 008658967
090 _a9049183
_c9049183
100 _a20130416d1968 |||y0rusy50 ca
101 0 _arus
102 _aRU
105 _ay z |||||
200 1 _aМетодика комплексного лечения больных на курортах Свердловской области
_fСвердл. науч.-исслед. ин-т курортологии и физиотерапии МЗ РСФСР. Свердл. террит. совет по управлению курортами профсоюзов
210 _aСвердловск
_cБ. и.
_d1968
215 _a127 с.
_d20
300 _aНа 5-й с. сост.: М.А. Исакова, Л.А. Козлова, С.С. Магазаник и др.
606 _aКурортотерапия
_yСвердловская область
_2psbo
606 _aКурорты
_yСвердловская область
_xПоказания и противопоказания
_2psbo
702 1 _aКозлова
_bЛ.А.
_4220
702 1 _aМагазаник
_bС.С.
_4220
702 1 _aИсакова
_bМ.А.
_4220
712 0 2 _aСвердловский НИИ курортологии и физиотерапии
_3RU\NLR\AUTH\889950186
_9396170
801 0 _aRU
_bNLR
_gpsbo
801 1 _aRU
_bELAR
_2rusmarc
852 _aNLR
_j68-3/6282
942 _cBOOK
980 _aNB